Les années 50 en chansons - Statistiques

Statistiques générales
  • Ce quiz a été pris 148 fois
  • Le résultat moyen est 17 sur 50
Statistiques - réponses
Artistes Chansons Année % Correct
Jacques Brel Ne me quitte pas 1959
89%
Serge Gainsbourg Le poinçonneur des Lilas 1958
85%
Dalida Bambino 1957
83%
Georges Brassens Le gorille 1952
83%
Bourvil La tactique du gendarme 1951
80%
Yves Montand Les feuilles mortes 1950
74%
Sacha Distel Scoubidou 1959
66%
Charles Trénet Le jardin extraordinaire 1957
63%
Edith Piaf La goualante du pauvre Jean 1954
62%
Elvis Presley Heartbreak Hotel 1956
60%
Guy Béart L'eau vive 1958
59%
Tino Rossi Méditerranée 1957
58%
Henri Salvador Le loup, la biche et le chevalier 1951
56%
Luis Mariano L'amour est un bouquet de violettes 1953
47%
Frank Sinatra Let It Snow! Let It Snow! Let It Snow! 1950
45%
Dario Moreno Si tu vas à Rio 1959
44%
Charles Aznavour Sur ma vie 1956
43%
Gene Kelly Singing in the rain 1952
41%
Doris Day Que sera , sera 1957
39%
Line Renaud Etoile des neiges 1950
39%
The Platters Only you 1956
38%
Jacqueline François Les lavandières du Portugal 1955
32%
Mouloudji Comme un p'tit coquelicot 1952
32%
Bill Haley & His Comets Rock around the clock 1955
30%
Annie Cordy Hello, le soleil brille 1958
29%
Richard Anthony Nouvelle vague 1959
29%
Gilbert Bécaud Le jour où la pluie viendra 1958
28%
Sidney Bechet Petite fleur 1959
28%
Juliette Gréco Je hais les Dimanches 1952
26%
Marilyn Monroe I Wanna be Loved By You 1959
25%
Richie Valens La Bamba 1958
22%
Félix Leclerc Le petit bonheur 1951
21%
Magali Noël & Boris Vian Fais-moi mal, Johnny 1956
20%
Les Compagnons de la chanson Le marchand de bonheur 1959
18%
Paul Anka Diana 1958
17%
Narcisso Yepes Jeux interdits 1952
15%
Ray Ventura et ses Collégiens A la mi-août 1950
14%
André Claveau Cerisier rose et pommier blanc 1950
9%
Cora Vaucaire La complainte de la butte 1955
7%
Eddie Constantine & Tania L'homme et l'enfant 1955
7%
Gloria Lasso Etranger au paradis 1956
7%
Nat King Cole Smile 1954
7%
Jackie Wilson Reed petite 1958
6%
Les Paul & Mary Ford Vaya con dios 1953
6%
Catherine Sauvage Paris canaille 1953
5%
Maria Candido Je te le le 1953
5%
René-Louis Lafforgue Julie la rousse 1958
5%
Julie London Cry me a river 1955
4%
Mick Micheyl Un gamin de Paris 1951
4%
Rosemary Clooney Mambo italiano 1954
3%
Aucun quiz correspondant
Distribution des résultats
% des personnes avec chaque résultat
Percentile par nombre de réponses
Votre historique - résultats
Vous n’avez pas pris ce quiz